Parts of a Pencil Quiz Stats

 Plays Quiz Updated Oct 1, 2018

Score 0/5 Timer 01:00
13 Plays Today
Part % Correct
eraser on end
96.3%
lead
96.2%
shaft
90.1%
ferrule
71%
paint
33.1%

You're not logged in!

Compare scores with friends on all Sporcle quizzes.
OR
Log In

Sporcle TV

Today on Sporcle TV


Watch our educational content, quiz creation guides, and fun videos on Sporcle TV.

Show Comments

Extras

Top Quizzes Today


Score Distribution

Your Account Isn't Verified!

In order to create a playlist on Sporcle, you need to verify the email address you used during registration. Go to your Sporcle Settings to finish the process.

Report this User

Report this user for behavior that violates our Community Guidelines.

Details: